[Event "Erkel Memorial op"]
[Site "Gyula"]
[Date "2001.11.04"]
[Round "6"]
[White "Szeles, Ambrus"]
[Black "Szlabey, Katalin"]
[Result "1-0"]
[WhiteElo "2087"]
[BlackElo "2005"]
[PlyCount "59"]
[EventDate "2001.10.30"]
[EventType "swiss"]
[EventRounds "9"]
[EventCountry "HUN"]
[SourceTitle "EXT 2008"]
[Source "ChessBase"]
[SourceDate "2007.11.25"]
[SourceVersion "1"]
[SourceVersionDate "2007.11.25"]
[SourceQuality "1"]

1. e4 d6 2. f4 g6 3. Nf3 Bg7 4. c3 Nc6 5. d4 Bg4 6. Be2 Bd7 7. 0-0 e6 8. Qc2 a6 9. Be3 Nge7 10. Nbd2 b5 11. h3 d5 12. e5 Nf5 13. Bf2 Rb8 14. g4 Nfe7 15. Kg2 Na5 16. Rh1 Nc4 17. Nb3 f5 18. exf6 Bxf6 19. Ne5 Bh4 20. Nc5 Bc6 21. b3 Bxf2 22. bxc4 Bh4 23. Nxa6 dxc4+ 24. Nxc6 Nxc6 25. Nxb8 Qxb8 26. Qe4 Nd8 27. Bf3 Bf6 28. h4 Ke7 29. Rhe1 Kf7 30. g5 1-0

[Event "Erkel Memorial op"]
[Site "Gyula"]
[Date "2001.10.30"]
[Round "1"]
[White "Szlabey, Katalin"]
[Black "Schubert, Gyula"]
[Result "0-1"]
[WhiteElo "2005"]
[BlackElo "2152"]
[PlyCount "38"]
[EventDate "2001.10.30"]
[EventType "swiss"]
[EventRounds "9"]
[EventCountry "HUN"]
[SourceTitle "EXT 2008"]
[Source "ChessBase"]
[SourceDate "2007.11.25"]
[SourceVersion "1"]
[SourceVersionDate "2007.11.25"]
[SourceQuality "1"]

1. b3 e5 2. Bb2 Nc6 3. e4 Nf6 4. d3 Bc5 5. Qd2 0-0 6. Nf3 Re8 7. a3 Ng4 8. d4 exd4 9. Bxd4 Rxe4+ 10. Be2 Nxd4 11. Nxd4 Bxd4 12. c3 Bxf2+ 13. Kf1 Bb6 14. Bxg4 Rxg4 15. g3 Qf6+ 16. Kg2 Qc6+ 17. Kh3 d6 18. Qc1 Rf4+ 19. g4 Qf3+ 0-1

[Event "Gyula op"]
[Site "Gyula"]
[Date "1996.??.??"]
[Round "?"]
[White "Szlabey, Katalin"]
[Black "Hajdu, Istvan"]
[Result "0-1"]
[WhiteElo "2005"]
[BlackElo "2180"]
[PlyCount "86"]
[EventDate "1996.??.??"]
[EventType "swiss"]
[EventRounds "9"]
[EventCountry "HUN"]
[SourceTitle "EXT 2001"]
[Source "ChessBase"]
[SourceDate "2000.11.22"]
[SourceVersion "1"]
[SourceVersionDate "2000.11.22"]
[SourceQuality "1"]

1. b3 d5 2. Bb2 c5 3. e3 Nc6 4. Nf3 Bg4 5. Bb5 Nf6 6. 0-0 e6 7. Be2 Bd6 8. d3 0-0 9. Nbd2 Rc8 10. a3 Re8 11. Re1 Bb8 12. Rb1 Qc7 13. g3 e5 14. e4 d4 15. Nh4 Bh3 16. Ng2 Qd7 17. Nf3 h6 18. Bc1 Bd6 19. Bd2 Ne7 20. Bf1 g5 21. Qc1 Ng6 22. Kh1 Kh8 23. Ng1 Be6 24. f3 Rg8 25. Be2 Rg7 26. Rf1 Rcg8 27. Rf2 Qc7 28. Qf1 Nh7 29. Bd1 f5 30. c3 Nf6 31. cxd4 cxd4 32. Rc1 Qe7 33. b4 f4 34. g4 h5 35. gxh5 Nxh5 36. Ne2 Rh7 37. Ne1 Nh4 38. Ng1 Qd7 39. Ne2 Bh3 40. Ng2 g4 41. Nxh4 Bxf1 42. Rxf1 g3 43. Rg1 Qh3 0-1

[Event "Budapest Spring op 10th"]
[Site "Budapest"]
[Date "1994.??.??"]
[Round "1"]
[White "Szlabey, Katalin"]
[Black "Volodin, Viktor Nikolaevich"]
[Result "0-1"]
[WhiteElo "2005"]
[BlackElo "2370"]
[PlyCount "64"]
[EventDate "1994.03.??"]
[EventType "swiss"]
[EventRounds "9"]
[EventCountry "HUN"]
[SourceTitle "EXT 1997"]
[Source "ChessBase"]
[SourceDate "1996.11.15"]
[SourceVersion "1"]
[SourceVersionDate "1996.11.15"]
[SourceQuality "1"]

1. b3 e5 2. Bb2 f6 3. e3 Nc6 4. c4 Bc5 5. Bd3 Nge7 6. Qc2 Nb4 7. Qc3 Nxd3+ 8. Qxd3 d5 9. cxd5 Qxd5 10. Qxd5 Nxd5 11. Nf3 Nb4 12. Nc3 Nc2+ 13. Ke2 Nxa1 14. Rxa1 Bg4 15. Ne4 Bb6 16. b4 0-0 17. a4 a6 18. Rc1 f5 19. Nc5 Bxc5 20. Rxc5 e4 21. h3 exf3+ 22. gxf3 Bh5 23. Rxc7 Rf7 24. Rc5 Re8 25. d3 Ree7 26. a5 Rc7 27. Bd4 Rxc5 28. Bxc5 g5 29. Bd6 g4 30. fxg4 fxg4 31. hxg4 Bxg4+ 32. Ke1 Rd7 0-1